| 000 | 00409nam a22001577a 4500 | ||
|---|---|---|---|
| 003 | CEME | ||
| 005 | 20210628205355.0 | ||
| 008 | 210315b xxu||||| |||| 00| 0 eng d | ||
| 040 | _c. | ||
| 082 | _a510.07 JAM'M | ||
| 100 |
_aClements, Dick James, Glyn _975207 |
||
| 245 | _aModern engineering mathematics chapter 10 and 11 | ||
| 260 |
_aADDISON WESLEY _bNEWYORK _c1993 |
||
| 300 | _a884P | ||
| 942 |
_cBK _2ddc |
||
| 999 |
_c580671 _d580671 |
||